Statistiques concernant Chansons de l’album Taylor Swift de Taylor Swift

Cliquez ici pour prendre le quiz!

Statistiques générales

  • Ce quiz a été pris 67 fois
  • Le résultat moyen est 10 sur 14

Statistiques - réponses

HintRéponse% Correct
2Picture To Burn
92%
1Tim McGraw
92%
11Our Song
89%
3Teardrops On My Guitar
86%
9Should’ve Said No
81%
5Cold As You
78%
13Invisible
78%
7Tied Together With A Smile
69%
4A Place In This World
67%
8Stay Beautiful
61%
14A Perfectly Good Heart
53%
12I’m Only Me When I’m With You
50%
10Mary’s Song (oh My, My, My)
50%
6The Outside
50%

Distribution des résultats

Percentile par nombre de réponses

% des personnes avec chaque résultat

Votre développement - résultats

Vous n’avez pas pris ce quiz